Quizzes
Events
Quiz Creation
Community
Videos
Private Events
Remove Ads
Sign In
Join for FREE
Feedback
Dark Mode
Quiz Categories
Sports
Geography
Music
Movies
Television
Just For Fun
Miscellaneous
History
Literature
Language
Science
Gaming
Entertainment
Religion
Holiday
For Kids
Quiz Lab
Recent
Popular Today
Quiz Kudos Today
Editor Picks
Curator Picks
Quizzes by...
Day
Popularity
Type
Ratings
Length
Year
Community
Subscriptions
Recent Discussions
Orange Saloon
Badges
Playlists
Quests
Create
Leaderboards
Showdown
Live 5
Trivia Bingo
Activity
Puzzle Library
Sporcle Events
Private Events
Virtual Trivia
Globe League
Become a Host
Pub Owners
SporcleCon
Opinionation
Our Games
Videos
Blog
Mobile Apps
Partnerships
Remove Ads and Go Orange
Feedback
Entertainment
Celebrity
Famous
Musical
Broadway
Show
Quote
Comic Books
Anime
Superhero
DC Comics
Marvel
Cartoons
Animation
Entertainment
Celebrity
Famous
Musical
Broadway
Show
Quote
Comic Books
Anime
Superhero
DC Comics
Marvel
Cartoons
Animation
Random Quiz
Search Sporcle
×
Quiz Lab
Quiz Lab
Entertainment
Show
Select answers by clicking on text or image buttons
Select answers by clicking on text or image buttons
Clickable
Best Score? Go Orange.
Favorite Childhood TV Shows by character names Stats
Can you name the Favorite Childhood TV Shows
By
mnkyfan23
7m
10 Questions
315 Plays
315 Plays
315 Plays
Comments
Comments
Give Quiz Kudos
Give Quiz Kudos
-
- Ratings
hide this ad
Random Order
Randomize order of answers
Randomize order of answers
Replay
Link that replays current quiz
Next Quiz
Link to next quiz in quiz playlist
You Got
0%
They Got
Avg Score
86%
Avg Friend Score
Upgrade to see
Score Distribution
Jump to the score distribution portion of the page
Score
0/10
Timer
07:00
0
Plays Today
% Correct
Patrick, Squidward, Mr. Krabbs, Plankton, Sandy, Larry, Gary
100%
Tommy, Chuckie, Dill, Phil, Lil, Cynthia, Angelica
92.7%
Cory, Topanga, Shawn, Eric, Morgan, Mr. Feenie
91.1%
Helga, Olga, Gerald, Phoebe, Stinky
87%
Penelope Taynt, Tammy, Judge Trudy, Kyle, DANCING LOBSTERS
84.4%
Skeeter, Patty, QuailMan, Porkchop, Beebe,
83.5%
Daggett, Norbert, Stump, Treeflower
82.5%
Otto, Reggie, Ray, Tito, Twister
82.5%
Krum, Ickis, Oblina, The Gromble
82.2%
Winslow, The Greasers, Rancid Rabbit,
81.6%
Quiz Playlist
Details
Report
Send in Message
Add To Playlist
Clickable:
Select answers by clicking on text or image buttons
Random Order:
Randomize order of answers
Last Updated: Feb 16, 2017
Quiz Scoreboard
CHALLENGE
Sign Up to Join the Scoreboard
Show All
Scores
Hide
Comments
May contain spoilers
Recently Published
One Thing in Common: World Cities II
by knightlancer
Geography
7m
Popular People in 1961
by mucciniale
History
6m
1-10 Letter E Words III
by El_Dandy
Language
2m
More to Explore
Quiz From the Vault
Featured Blog Post
Where Did the Easter Bunny Come From?
hide this ad
You Might Also Like...
Tags
Show Quiz
Character
childhood
Favorite
Today's Top Quizzes in Entertainment
Browse Entertainment
hide this ad
Today's Top Quizzes in Show
Browse Show
Top Contributed Quizzes in Entertainment
1
Kamen Rider Motifs
2
Dragon Ball Z: Goku's Fights in Order
3
Dragon Ball Z: Mega Character Search
4
One Piece Arcs By Order III
5
Survivor Winners Logic Quiz
6
Undead Unluck Minefield
7
Who Wants to Be a Millionaire: Anime Edition
8
Naruto Arcs in order
9
Demon Slayer 11-1
10
Criteria Quickie: Cartoon Taxonomy II
Explore More
Trending Topics
NBA
Crossword
Anime
Disney
Kpop
Harry Potter
Marvel
Soccer
Pokémon
WWE
The Office
Puzzle
Country
Song
NFL
hide this ad
More By:
mnkyfan23
Quiz
Plays
Rating
Category
Featured
Created
Favorite Childhood TV Shows by character names
315
2.00
Entertainment
Oct 6, 2014
Classroom Project
27
1.00
Miscellaneous
Dec 8, 2014
Go to Creator's Profile
Score Distribution
Quiz Creator Spotlight
mnkyfan23
Follow
Send a Message
Quizzes Created
-
Created Quiz Play Count
-
More By This Creator
Popular Quizzes Today
1
Find the US States - No Outlines Minefield
2
Find the Countries of Europe - No Outlines Minefield
3
The Countries of the World
4
Popular People in 1961
5
1-10 Letter E Words III
6
Find the US States
7
One Thing in Common: World Cities II
8
US States
More Entertainment Quizzes
Cryptogram: DC Comics Justice League Members
Editor's Pick
Trending Quizzes
Risky Map Clicking: Least Populous States A-Z
1-10 Letter F Words
1-10 Letter G Words
One Thing in Common: United Kingdom
Risky Map Clicking: Biggest States A-Z
Recently Updated
Leaping Animals
pecheneg
Reality TV Shows (A-Z)
bhenderson79
Rickey Henderson's Hall of Fame Teammates
pecheneg
Champions League XIs: Arsenal
pecheneg
Quick Pick: Celebrities in WWE's Hall of Fame
aduchscher
A-Z Keypad Blitz II
pecheneg
Multiple Oscar Actors
pecheneg
Mystery Phrase Blitz: Oscar 'Best Actors'
pecheneg
F. Scott Fitzgerald Novels
LTH
Pick 3 Villains
ddd62291
Trending Topics
Disney
Crossword
Anime
Kpop
Harry Potter
Marvel
NBA
WWE
Pokémon
Song
NFL
The Office
Country
Soccer
Puzzle
Your Account Isn't Verified!
In order to create a playlist on Sporcle, you need to verify the email address you used during registration. Go to your
Sporcle Settings
to finish the process.
Report this User
Report this user for behavior that violates our
Community Guidelines
.
Details:
Send Report
Go to the Sporcle.com Mobile Site →
Comments